Biggest Gas Station Chains in the US - Statistics

General Stats
  • This quiz has been taken 23 times
  • The average score is 3 of 10
Answer Stats
Locations Gas Station % Correct
12,461 Shell
83%
11,292 ExxonMobil
65%
7,129 Chevron
26%
4,408 Citgo
22%
1,682 Conoco
17%
7,841 Marathon
17%
1,715 HF Sinclair
13%
2,527 Phillips 66
13%
4,907 Valero
9%
1,728 76
4%
No matching quizzes found
Score Distribution
Percent of People with Each Score
Percentile by Number Answered
Your Score History
You have not taken this quiz